كتاب ترويح النفوس ومضحك العبوس / Kitāb tarwīḥ al-nufūs wa-muḍḥik al-ʻabūs

محفوظ في:

المؤلف الرئيسي: Ḥasan Ālātī.

التنسيق: كتاب

اللغة: Undetermined

منشور في: Al-Qāhirah Maṭbaʻat jarīdat al-Maḥrūsah 1889

الوسوم: إضافة وسم

لا توجد وسوم, كن أول من يضع وسما على هذه التسجيلة!

رقم الطلب: (R)P10 ALAT

LEADER 00636nam a2200145Ia 4500
008 240404s9999||||xx |||||||||||||| ||und||
050 4 |a (R)P10 ALAT 
100 1 |a Ḥasan Ālātī. 
245 1 0 |a كتاب ترويح النفوس ومضحك العبوس / Kitāb tarwīḥ al-nufūs wa-muḍḥik al-ʻabūs  |c Ḥasan Ālātī 
264 1 |a Al-Qāhirah  |b Maṭbaʻat jarīdat al-Maḥrūsah  |c 1889 
300 |a Volumes  |c 23 
500 |a Electronic reproduction, New York, N.Y., New York University, 2016 
500 |a Part of the Arabic Collections Online (ACO) project, contributed by Princeton University Libraries 
942 |2 lcc  |c BK 
999 |c 58157  |d 58157